| 000 | 00371 a2200157 4500 | ||
|---|---|---|---|
| 001 | 183187 | ||
| 020 | _a | ||
| 040 | _cMagnum | ||
| 100 | _aSociedade Amigos da Iugoslávia | ||
| 240 | 1 | 0 |
_aPoesia iugoslava contemporânea _lpor |
| 245 | 1 | 0 | _aPoesia iugoslava contemporânea |
| 300 | _a269 | ||
| 362 | 0 | _a1987 | |
| 697 | _aLITERATURA GERAL ESTRANGEIRA | ||
| 942 | _cBK | ||
| 999 |
_c183187 _d183187 |
||